书目信息 |
| 题名: |
海关军事体育
|
|
| 作者: | 刘文蛟 主编 | |
| 分册: | ||
| 出版信息: | 北京 中国海关出版社 2010 |
|
| 页数: | 294页 | |
| 开本: | 26cm | |
| 丛书名: | ||
| 单 册: | ||
| 中图分类: | G87 | |
| 科图分类: | ||
| 主题词: | 军事体育--高等教育--教材 , 军事体育 | |
| 电子资源: | ||
| ISBN: | 978-7-80165-729-9 | |
| 000 | 00832nam0 2200253 45 | |
| 001 | 1130739484 | |
| 005 | 20110310095651.06 | |
| 010 | @a978-7-80165-729-9@dCNY43.00 | |
| 100 | @a20110122d2010 em y0chiy50 ea | |
| 101 | 0 | @achi |
| 102 | @aCN@b110000 | |
| 105 | @aa z 000yy | |
| 106 | @ar | |
| 200 | 1 | @a海关军事体育@AHai Guan Jun Shi Ti Yu@f刘文蛟主编@FLiu Wen Jiao Zhu Bian |
| 210 | @a北京@c中国海关出版社@d2010 | |
| 215 | @a294页@c图@d26cm | |
| 300 | @a海关高等教育教材 | |
| 330 | @a本书分为海关军事体育理论篇、海关军事体育技能篇、健康与保健篇三部分,内容包括:海关军事体育基本理论、队列、敬礼、400米军事障碍跑、擒敌拳等。 | |
| 606 | 0 | @a军事体育@x高等教育@j教材 |
| 606 | 0 | @a军事体育 |
| 690 | @aG87@v4 | |
| 701 | 0 | @a刘文蛟@ALiu Wen Jiao@4主编 |
| 801 | 0 | @aCN@bTANGWEI@c20110310 |
| 905 | @b0531929-31@dG87@e78@f3 | |
| 海关军事体育/刘文蛟主编.-北京:中国海关出版社,2010 |
| 294页:图;26cm |
| 海关高等教育教材 |
| ISBN 978-7-80165-729-9:CNY43.00 |
| 本书分为海关军事体育理论篇、海关军事体育技能篇、健康与保健篇三部分,内容包括:海关军事体育基本理论、队列、敬礼、400米军事障碍跑、擒敌拳等。 |
| ● |
| 相关链接 |
|
|
|
|
正题名:海关军事体育
索取号:G87/78
 
预约/预借
| 序号 | 登录号 | 条形码 | 馆藏地/架位号 | 状态 | 备注 |
| 1 | 0531929 | 205319298 | 第一样本阅览室/ [索取号:G87/78] | 在馆 | |
| 2 | 0531930 | 205319305 | 密集书库-体育系/ [索取号:G87/78] | 在馆 | |
| 3 | 0531931 | 205319314 | 第四借阅区/ [索取号:G87/78] | 在馆 |